| 000 | 00353nam a2200133Ia 4500 | ||
|---|---|---|---|
| 005 | 20251222141954.0 | ||
| 008 | 251222s9999||||xx |||||||||||||| ||spa|| | ||
| 020 | _a84-7908-298-4 | ||
| 082 | _a658.3/C68 | ||
| 100 | _aClaver Cortús, Enrique | ||
| 245 | 0 | _aDirección y Directores de Recursos Humanos: | |
| 264 | _bUniversidad de Alicante | ||
| 942 | _cLIB | ||
| 999 |
_c9800 _d9800 |
||